000
00263nam a2200121Ia 4500
008
190216s9999||||xx |||||||||||||| ||und||
100
_a
Shakespere
245
0
_a
Macbeth
260
_b
Ajith Book Center
_c
1992
300
_a
276p
650
_a
English
942
_c
BK
999
_c
13658
_d
13658